Как быстро выучить много немецких слов (Запись № 3481281)

Подробности
000 -МАРКЕР
контрольное поле 01551nam0a2200361 i 4500
001 - ИДЕНТИФИКАТОР ЗАПИСИ
контрольное поле RU\NLR\bibl\1945285
005 - ИДЕНТИФИКАТОР ВЕРСИИ
контрольное поле 20260406071638.0
010 ## - МЕЖДУНАРОДНЫЙ СТАНДАРТНЫЙ НОМЕР КНИГИ (ISBN)
Номер (ISBN) 9785811247073
Тираж 3000
021 ## - НОМЕР ГОСУДАРСТВЕННОЙ РЕГИСТРАЦИИ
Код страны российская федерация
Номер 2012-63995
Номер Листа государственной регистраци 4697
035 ## - ДРУГИЕ СИСТЕМНЫЕ НОМЕРА
Идентификатор записи (NLR Aleph) 001934515
100 ## - ДАННЫЕ ОБЩЕЙ ОБРАБОТКИ
Данные общей обработки 20120914d2012 u y0rusy50 ca
101 0# - ЯЗЫК РЕСУРСА
Язык текста, звукозаписи и т.д. русский
-- немецкий
102 ## - СТРАНА ПУБЛИКАЦИИ ИЛИ ПРОИЗВОДСТВА
Страна публикации российская федерация
105 ## - ПОЛЕ КОДИРОВАННЫХ ДАННЫХ: ТЕКСТОВЫЕ МАТЕРИАЛЫ, МОНОГРАФИЧЕСКИЕ
Кодированные данные о монографическом текстовом документе y |||||||||
200 1# - ЗАГЛАВИЕ И СВЕДЕНИЯ ОБ ОТВЕТСТВЕННОСТИ
Основное заглавие Как быстро выучить много немецких слов
Первые сведения об ответственности Павел Литвинов
205 ## - СВЕДЕНИЯ ОБ ИЗДАНИИ
Сведения об издании 5-е изд.
210 ## - ПУБЛИКАЦИЯ, РАСПРОСТРАНЕНИЕ И ДР.
Место издания, распространения и т.д. Москва
Имя издателя, распространителя и т. д. Айрис-пресс
Дата издания, распространения и т.д. 2012
215 ## - ФИЗИЧЕСКАЯ ХАРАКТЕРИСТИКА
Специфическое обозначение материала и объем 159 с.
Размеры 21
225 1# - СЕРИЯ
Основное заглавие серии Ступени к успеху
225 1# - СЕРИЯ
Основное заглавие серии Для начинающих
Параллельное заглавие серии Grundstufe
Язык параллельного заглавия немецкий
225 1# - СЕРИЯ
Основное заглавие серии Немецкий. Ступени к успеху
300 ## - ОБЩИЕ ПРИМЕЧАНИЯ
Текст примечания На обл. загл. и авт. также на нем. яз.: Wie man schnell viele deutsche Wörter lernen kann / Pawel Litwinow
517 1# - ДРУГИЕ ВАРИАНТЫ ЗАГЛАВИЯ
Связь между полями z22790
Вариант заглавия Wie man schnell viele deutsche Wörter lernen kann
606 1# - НАИМЕНОВАНИЕ ТЕМЫ КАК ПРЕДМЕТ
Наименование темы Немецкий язык
Формальный подзаголовок Учебные издания
Тематический подзаголовок Лексикология
Системный номер авторитетной/нормативной записи 1681174
Идентификатор авторитетной/нормативной записи RU\NLR\auth\66746430
686 ## - ИНДЕКСЫ ДРУГИХ КЛАССИФИКАЦИЙ
Индекс Ш143.24-93рус-3
700 #1 - ИМЯ ЛИЦА - ПЕРВИЧНАЯ ОТВЕТСТВЕННОСТЬ
Код отношения Автор
Материалы, к которым относится поле rus
Графика поля Кириллица
Начальный элемент ввода Литвинов
Часть имени, кроме начального элемента ввода П.П.
Расширение инициалов личного имени Павел Петрович
Идентификатор авторитетной/нормативной записи RU\NLR\auth\7728455
Системный номер авторитетной/нормативной записи 11486
790 #1 - ИМЯ ЛИЦА - АЛЬТЕРНАТИВНАЯ ФОРМА
Код отношения Автор
Материалы, к которым относится поле rus
Графика поля Латинская
Начальный элемент ввода Litvinov
Часть имени, кроме начального элемента ввода P.P.
Расширение инициалов личного имени Pavel Petrovič
Идентификатор авторитетной/нормативной записи RU\NLR\auth\7728456
Системный номер авторитетной/нормативной записи 11487
801 #0 - ИСТОЧНИК ЗАПИСИ
Страна российская федерация
Организация NLR
Дата составления 20120914
Правила каталогизации RCR
801 #1 - ИСТОЧНИК ЗАПИСИ
Страна российская федерация
Организация NLR
Дата составления 20120914
942 ## - ДОПОЛНИТЕЛЬНЫЕ ЭЛЕМЕНТЫ ЗАПИСИ (АБИС)
Тип экземпляра АБИС Книга
980 ## - КОЛЛЕКЦИЯ
Название коллекции НБР

Нет доступных экземпляров.